Textbook of the materials of engineering / (Record no. 544998)
[ view plain ]
| 000 -LEADER | |
|---|---|
| fixed length control field | 00930cam a22002414a 4500 |
| 082 ## - DEWEY DECIMAL CLASSIFICATION NUMBER | |
| Classification number | 620.11 |
| Author Mark | MOO |
| -- | L-21, P-62 |
| 100 1# - MAIN ENTRY--PERSONAL NAME | |
| Personal name | Moore, Herbert F. |
| 9 (RLIN) | 40748 |
| 245 10 - TITLE STATEMENT | |
| Title | Textbook of the materials of engineering / |
| Statement of responsibility, etc. | [by] Herbert F. Moore, Mark B. Moore ; with a chapter on cohesion, stress, and strain by Jasper O. Draffin, a chapter on concrete by Harrison F. Gonnerman, and a chapter on plastics by William N. Findley. |
| 250 ## - EDITION STATEMENT | |
| Edition statement | 8th ed. |
| 260 ## - PUBLICATION, DISTRIBUTION, ETC. | |
| Place of publication, distribution, etc. | New York ; |
| -- | Toronto : |
| Name of publisher, distributor, etc. | McGraw-Hill ; |
| Date of publication, distribution, etc. | 1953. |
| 300 ## - PHYSICAL DESCRIPTION | |
| Extent | 372 p. : |
| Other physical details | ill. ; |
| Dimensions | 24 cm. |
| 526 ## - STUDY PROGRAM INFORMATION NOTE | |
| Program name | 0 |
| Interest level | 0 |
| Reading level | 0 |
| Title point value | 620_110000000000000_MOO |
| 650 #0 - SUBJECT ADDED ENTRY--TOPICAL TERM | |
| Topical term or geographic name entry element | Building materials. |
| 650 #0 - SUBJECT ADDED ENTRY--TOPICAL TERM | |
| Topical term or geographic name entry element | Concrete. |
| 650 #0 - SUBJECT ADDED ENTRY--TOPICAL TERM | |
| Topical term or geographic name entry element | Crystallography. |
| 9 (RLIN) | 40749 |
| 650 #0 - SUBJECT ADDED ENTRY--TOPICAL TERM | |
| Topical term or geographic name entry element | MCE |
| 9 (RLIN) | 379 |
| 650 #0 - SUBJECT ADDED ENTRY--TOPICAL TERM | |
| Topical term or geographic name entry element | Plastics. |
| 9 (RLIN) | 35927 |
| 700 1# - ADDED ENTRY--PERSONAL NAME | |
| Personal name | Draffin, Jasper O. |
| 9 (RLIN) | 40750 |
| 700 1# - ADDED ENTRY--PERSONAL NAME | |
| Personal name | Findley, William N. |
| 9 (RLIN) | 40751 |
| 700 1# - ADDED ENTRY--PERSONAL NAME | |
| Personal name | Gonnerman, Harrison F. |
| 9 (RLIN) | 40752 |
| 700 1# - ADDED ENTRY--PERSONAL NAME | |
| Personal name | Moore, Mark B. |
| 9 (RLIN) | 40753 |
| 942 ## - ADDED ENTRY ELEMENTS (KOHA) | |
| Source of classification or shelving scheme | |
| Koha item type | Book |
| Withdrawn status | Lost status | Source of classification or shelving scheme | Damaged status | Not for loan | Permanent Location | Current Location | Date acquired | Total Checkouts | Full call number | Barcode | Date last seen | Price effective from | Koha item type |
|---|---|---|---|---|---|---|---|---|---|---|---|---|---|
| Military College of Engineering (MCE) | Military College of Engineering (MCE) | 05/15/2014 | 620.11 MOO | MCE-3662 | 05/15/2014 | 05/15/2014 | Book |
